00309nam a2200109Ia 4500008004100000041001200041082001100053100001800064245010500082260000600187650000600193221030s9999 xx 000 0 und d aEnglish a105.23 aK. S. Trivedi 0aProbability & Statistics with Reliability, Queuing & Computer Science Applicationscby K. S. Trivedi c0 aB